Stop talking, start doing : (Record no. 1852)

000 -LEADER
fixed length control field 02377pam a22004091i 4500
001 - CONTROL NUMBER
control field 020818366
003 - CONTROL NUMBER IDENTIFIER
control field Uk
005 - DATE AND TIME OF LATEST TRANSACTION
control field 20260210163855.0
006 - FIXED-LENGTH DATA ELEMENTS--ADDITIONAL MATERIAL CHARACTERISTICS
fixed length control field m || d |
007 - PHYSICAL DESCRIPTION FIXED FIELD--GENERAL INFORMATION
fixed length control field cr |||||||||||
008 - FIXED-LENGTH DATA ELEMENTS--GENERAL INFORMATION
fixed length control field 221116s2022 enka ob 000|0|eng|d
015 ## - NATIONAL BIBLIOGRAPHY NUMBER
National bibliography number GBC2L0188
Source bnb
020 ## - INTERNATIONAL STANDARD BOOK NUMBER
Canceled/invalid ISBN 9780857089267
Qualifying information paperback
020 ## - INTERNATIONAL STANDARD BOOK NUMBER
International Standard Book Number 9780857089281
Qualifying information ePub ebook
037 ## - SOURCE OF ACQUISITION
Stock number 9780857089281
Source of stock number/acquisition Wiley, US
040 ## - CATALOGING SOURCE
Original cataloging agency StDuBDS
Language of cataloging eng
Transcribing agency StDuBDS
Modifying agency Uk
-- uoc
Description conventions rda
-- pn
042 ## - AUTHENTICATION CODE
Authentication code ukblsr
082 04 - DEWEY DECIMAL CLASSIFICATION NUMBER
Classification number 650.1
Edition number 23
Item number SHA
100 1# - MAIN ENTRY--PERSONAL NAME
Personal name Wasmund, Sháá,
Dates associated with a name 1972-
Relator term author.
Real World Object URI https://isni.org/isni/000000011187158X
9 (RLIN) 4632
245 10 - TITLE STATEMENT
Title Stop talking, start doing :
Remainder of title a kick in the pants in six parts /
Statement of responsibility, etc. Sháá Wasmund with Richard Newton.
250 ## - EDITION STATEMENT
Edition statement Second edition.
264 #1 - PRODUCTION, PUBLICATION, DISTRIBUTION, MANUFACTURE, AND COPYRIGHT NOTICE
Place of production, publication, distribution, manufacture Chichester :
Name of producer, publisher, distributor, manufacturer Capstone,
Date of production, publication, distribution, manufacture, or copyright notice 2022.
300 ## - PHYSICAL DESCRIPTION
Extent xi; 186 pages:
Other physical details illustrations;
Dimensions 21 cm
336 ## - CONTENT TYPE
Content type term text
Source rdacontent
Content type code txt
337 ## - MEDIA TYPE
Media type term unmediated
Source rdamedia
Media type code n
338 ## - CARRIER TYPE
Carrier type term volume
Source rdacarrier
Carrier type code nc
500 ## - GENERAL NOTE
General note Previous edition: 2012.
504 ## - BIBLIOGRAPHY, ETC. NOTE
Bibliography, etc. note Includes bibliographical references.
505 0# - FORMATTED CONTENTS NOTE
Formatted contents note <p><b>How to Get From Talking&hellip;</b></p> <p><b>1 TICK TOCK</b></p> <p>The speed of life</p> <p>Trying to catch up</p> <p>If not now, then when?</p> <p>Would, could, should&hellip;</p> <p><b>2 THE ITCH</b></p> <p>What do you want?</p> <p>What makes you happy?</p> <p>Time to stop daydreaming</p> <p>Self awareness</p> <p>Where are you scratching?</p> <p><b>3 FEAR AND REGRET</b></p> <p>Embrace fear</p> <p>Flush the excuses</p> <p>Your discomfort zone</p> <p>Leave regret</p> <p>Seize control</p> <p>If only&hellip;</p> <p><b>4 START</b></p> <p>Do what you say</p> <p>The power of Marshmallows</p> <p>The whoosh of time</p> <p>Climb into the ring</p> <p>The danger of hesitation</p> <p><b>5 THE ART OF DECISION- MAKING</b></p> <p>Propulsion</p> <p>Too much jam?</p> <p>State of flow</p> <p>Get on with it</p> <p>The danger of drifting</p> <p><b>6 &hellip;AND ACTION</b></p> <p>What&rsquo;s your goal?</p> <p>Chunk it down</p> <p>Now what?</p> <p>Eating elephants</p> <p>Planning &hellip; to Doing</p>
588 ## - SOURCE OF DESCRIPTION NOTE
Source of description note Description based on CIP data; resource not viewed.
650 #0 - SUBJECT ADDED ENTRY--TOPICAL TERM
Topical term or geographic name entry element Success.
650 #0 - SUBJECT ADDED ENTRY--TOPICAL TERM
Topical term or geographic name entry element Success in business.
650 #0 - SUBJECT ADDED ENTRY--TOPICAL TERM
Topical term or geographic name entry element Self-realization.
700 1# - ADDED ENTRY--PERSONAL NAME
Personal name Newton, Richard,
Dates associated with a name 1964-
Relator term author.
Real World Object URI https://isni.org/isni/0000000114762768
9 (RLIN) 2018
942 ## - ADDED ENTRY ELEMENTS (KOHA)
Source of classification or shelving scheme
Koha item type Book
Holdings
Withdrawn status Lost status Source of classification or shelving scheme Damaged status Not for loan Permanent location Current location Date acquired Total Checkouts Full call number Barcode Date last seen Price effective from Koha item type
          UofCanada Library UofCanada Library 02/10/2026   650.1 SHA/NB 00002763 02/10/2026 02/10/2026 NB-Book
          UofCanada Library UofCanada Library 02/10/2026   650.1 SHA 00002764 02/10/2026 02/10/2026 Book